000 01208cam a2200133 4500500
005 20260329023239.0
041 _afre
042 _adc
100 1 0 _aLefebvre, Georges
_eauthor
245 0 0 _aLes thermidoriens - Le Directoire
260 _bArmand Colin,
_c2016.
520 _aLes Thermidoriens et Le Directoire, ces deux synthèses magistrales de l’historien Georges Lefebvre (1874-1959), illustrent l’importance de celui qui a marqué l’historiographie de la période révolutionnaire. Après sa célèbre étude sur La Grande Peur de 1789, il poursuit son œuvre avec les temps postrévolutionnaires. Georges Lefebvre renoue ici avec le récit historien érudit et chronologique classique. Mais parce qu’il renouvelle vigoureusement la présentation de cette deuxième partie de la Révolution, trop souvent négligée, ces textes fondateurs demeurent toujours d’actualité. Texte présenté par Jean-Clément Martin, Professeur émérite à l’Université Paris 1- Panthéon Sorbonne, ancien directeur de l’Institut d’Histoire de la Révolution française.
856 4 1 _uhttps://shs.cairn.info/les-thermidoriens-le-directoire--9782200613709?lang=fr&redirect-ssocas=7080
999 _c1925768
_d1925768